000 00633nam a2200229Ia 4500
003 OSt
005 20220923230111.0
006 a|||||r|||| 00| 0
007 ta
008 Pun
024 _a277,331
037 _cTextual
040 _aARTS
_cARTS
_bPun
041 _2Pun
_aPun
082 _aO153,3N20,AW, L3
100 _aਸਹਿਰਾਈ, ਹਰਨਾਮ ਦਾਸ
245 0 _aਆਰਸੀ ਵਾਲਾ ਸਿੱਕਾ
260 _c1973
650 _aਪੰਜਾਬੀ ਸਾਹਿਤ
942 _hO153,3N20,AW, L3
_cTEXL
_2CC
999 _c382448
_d382448